[Event "European Rapid 2014"]
[Site "Wroclaw POL"]
[Date "2014.12.21"]
[Round "8.6"]
[White "Savchenko, Boris"]
[Black "Bartel, Mateusz"]
[Result "1-0"]
[WhiteTitle "GM"]
[BlackTitle "GM"]
[WhiteElo "2599"]
[BlackElo "2664"]
[WhiteFideId "4147332"]
[BlackFideId "1112635"]
[EventDate "2014.12.20"]

1. e4 e5 2. Nf3 Nc6 3. Bb5 a6 4. Ba4 Nf6 5. O-O Bc5 6. c3 O-O 7. d4 Ba7 8. Bg5
h6 9. Bh4 exd4 10. e5 g5 11. Bxc6 dxc6 12. Nxg5 dxc3 13. Qxd8 Rxd8 14. Nxc3 Rd3
15. exf6 hxg5 16. Bxg5 Be6 17. Be3 Bxe3 18. fxe3 Rxe3 19. Rad1 Kh7 20. Rf4 Kg6
21. h4 Rh8 22. Kf2 Re5 23. Rd3 Rf5 24. Rdf3 Rxf4 25. Rxf4 c5 26. Ne4 b6 27. a3
a5 28. g3 c4 29. Nd2 b5 30. Nf3 Rh5 31. g4 Rd5 32. h5+ Kh6 33. Kg3 Rd1 34. Rd4
Rxd4 35. Nxd4 Bd7 36. Kh4 b4 37. g5+ Kh7 38. axb4 axb4 39. Kg3 c5 40. Nf3 c3 41.
g6+ fxg6 42. Ng5+ 1-0

[Event "European Rapid 2014"]
[Site "Wroclaw POL"]
[Date "2014.12.21"]
[Round "8.7"]
[White "Moiseenko, Alexander"]
[Black "Belous, Vladimir"]
[Result "1-0"]
[WhiteTitle "GM"]
[BlackTitle "GM"]
[WhiteElo "2692"]
[BlackElo "2578"]
[WhiteFideId "14102560"]
[BlackFideId "4174003"]
[EventDate "2014.12.20"]

1. d4 c5 2. d5 d6 3. c4 g6 4. Nc3 Bg7 5. e4 e6 6. Bd3 Ne7 7. Nge2 O-O 8. O-O
exd5 9. cxd5 Nd7 10. h3 a6 11. a4 Rb8 12. Ng3 Ne5 13. Be2 f5 14. f4 Nf7 15. Be3
fxe4 16. Ngxe4 Nf5 17. Bf2 Nd4 18. Kh2 Nxe2 19. Qxe2 Re8 20. Rae1 Bd7 21. Qf3 b5
22. axb5 axb5 23. g4 Rf8 24. Bg3 Kh8 25. f5 gxf5 26. gxf5 b4 27. f6 Bh6 28. Ne2
Rg8 29. Nxd6 Nxd6 30. Bxd6 Be8 31. Be7 Qd7 32. f7 Bxf7 33. Qxf7 Rg7 34. Qf6 Rg8
35. d6 Bg5 36. Qe5 Bxe7 37. dxe7 Qxe7 38. Qxe7 Rxe7 39. Nf4 Rd7 40. Rd1 Rc7 41.
Nd5 Rcg7 42. Nf6 Rf8 43. Nh5 Rgg8 44. Rxf8 Rxf8 45. Rd7 h6 46. Kg3 Rf5 47. Nf4
Kg8 48. Rd5 1-0

[Event "European Rapid 2014"]
[Site "Wroclaw POL"]
[Date "2014.12.21"]
[Round "8.8"]
[White "Fedorchuk, Sergey A."]
[Black "Piorun, Kacper"]
[Result "1-0"]
[WhiteTitle "GM"]
[BlackTitle "GM"]
[WhiteElo "2669"]
[BlackElo "2517"]
[WhiteFideId "14102536"]
[BlackFideId "1130420"]
[EventDate "2014.12.20"]

1. e4 e6 2. d4 d5 3. Nd2 Nc6 4. Ngf3 Nf6 5. e5 Nd7 6. Bd3 Nb4 7. Be2 c5 8. c3
Nc6 9. O-O f6 10. exf6 Nxf6 11. Bd3 cxd4 12. cxd4 Bd6 13. b3 O-O 14. Bb2 Bd7 15.
Ne5 Qb6 16. Nxd7 Nxd7 17. Qg4 Rae8 18. Nf3 Nf6 19. Qh4 e5 20. dxe5 Nxe5 21. Bxe5
Bxe5 22. Rae1 Bd6 23. Rxe8 Rxe8 24. Qh3 Bc5 25. Qf5 g6 26. Qg5 Kg7 27. Nh4 Ne4
28. Bxe4 Rxe4 29. Nf5+ Kh8 30. Ng3 Re8 31. Qxd5 Rd8 32. Qe5+ Kg8 33. Ne4 Bd4 34.
Qe7 Rf8 35. Ng5 Rxf2 36. Rxf2 Bxf2+ 37. Kf1 Qa6+ 38. Kxf2 Qxa2+ 39. Qe2 Qxb3 40.
Qe8+ Kg7 41. Qe7+ Kg8 42. Qxh7+ Kf8 43. Qh8+ Ke7 44. Qg7+ Ke8 45. Qxg6+ Ke7 46.
Qg7+ Ke8 47. Qe5+ Kd7 48. Qd4+ Kc6 49. Qe4+ Kd7 50. Qf5+ Ke7 51. Qc5+ Kd7 52. h4
Qa2+ 53. Kg3 Qb3+ 54. Nf3 b5 55. Qxa7+ Kc6 56. Kh2 Qb4 57. Qd4 Qe7 58. Qe5 Qh7
59. Nd4+ Kb6 60. Qxb5+ Kc7 61. Qc6+ Kb8 62. Qb6+ Kc8 63. Qa6+ Kb8 64. Nc6+ Kc7
65. Qa7+ Kc8 66. Qb8+ 1-0

[Event "European Rapid 2014"]
[Site "Wroclaw POL"]
[Date "2014.12.21"]
[Round "8.9"]
[White "Aleksandrov, Aleksej"]
[Black "Inarkiev, Ernesto"]
[Result "0-1"]
[WhiteTitle "GM"]
[BlackTitle "GM"]
[WhiteElo "2593"]
[BlackElo "2680"]
[WhiteFideId "13500139"]
[BlackFideId "4162722"]
[EventDate "2014.12.20"]

1. d4 Nf6 2. Bg5 d5 3. e3 c5 4. Bxf6 gxf6 5. Nc3 Nc6 6. Nge2 Bg4 7. h3 Bh5 8.
Qd2 e6 9. dxc5 Bxc5 10. Nf4 Bg6 11. a3 Qe7 12. Be2 O-O-O 13. Nxg6 hxg6 14. O-O-O
d4 15. exd4 Nxd4 16. Kb1 f5 17. Bd3 a6 18. f4 Kb8 19. Rhe1 Rd6 20. Na4 Ba7 21.
c4 Rhd8 22. c5 Rd5 23. Bc4 Nf3 24. Qe2 Nd2+ 25. Ka2 Rd4 26. Bb3 Qd7 27. Bc2 Qd5+
28. Ka1 Bxc5 29. Nxc5 Qxc5 30. Rc1 Rc4 31. Qd1 Nb3+ 32. Bxb3 Rxd1 33. Rcxd1 Rxf4
34. Rd7 Qb5 35. Rd8+ Kc7 0-1

[Event "European Rapid 2014"]
[Site "Wroclaw POL"]
[Date "2014.12.21"]
[Round "8.10"]
[White "Tomczak, Jacek"]
[Black "Volokitin, Andrei"]
[Result "0-1"]
[WhiteTitle "GM"]
[BlackTitle "GM"]
[WhiteElo "2561"]
[BlackElo "2626"]
[WhiteFideId "1124668"]
[BlackFideId "14107090"]
[EventDate "2014.12.20"]

1. e4 c5 2. Nf3 d6 3. d4 cxd4 4. Nxd4 Nf6 5. Nc3 a6 6. Bc4 e6 7. Bb3 Nbd7 8. O-O
Nc5 9. Bg5 Be7 10. Qe1 O-O 11. f4 Nxb3 12. axb3 b5 13. Ndxb5 Bb7 14. Na3 h6 15.
Bxf6 Bxf6 16. Rd1 d5 17. e5 Be7 18. Ne2 Qb6+ 19. Kh1 a5 20. Nc3 d4 21. Na4 Qc6
22. Rf2 Bh4 23. Qf1 Ba6 24. Qg1 Bxf2 25. Qxf2 Rfd8 26. h3 Rab8 27. Rxd4 Rxd4 28.
Qxd4 Rb4 29. Qf2 Bb7 30. c4 Rxb3 31. Nc3 Qb6 32. c5 Rxb2 33. cxb6 Rxf2 34. Kg1
Rxg2+ 35. Kf1 Rb2 36. Na4 Rb4 37. Nc5 Rxb6 38. Ke2 Rb4 39. Ke3 Bd5 40. h4 h5 41.
Ke2 Rxf4 42. Nb5 Rxh4 43. Nd6 a4 0-1

[Event "European Rapid 2014"]
[Site "Wroclaw POL"]
[Date "2014.12.21"]
[Round "8.11"]
[White "Meskovs, Nikita"]
[Black "Gajewski, Grzegorz"]
[Result "0-1"]
[WhiteTitle "FM"]
[BlackTitle "GM"]
[WhiteElo "2452"]
[BlackElo "2643"]
[WhiteFideId "11602740"]
[BlackFideId "1116207"]
[EventDate "2014.12.20"]

1. d4 Nf6 2. c4 e6 3. Nf3 b6 4. g3 Bb7 5. Bg2 Be7 6. O-O O-O 7. Bf4 c5 8. Nc3
cxd4 9. Nxd4 Bxg2 10. Kxg2 Qc8 11. Ncb5 Ne8 12. Qb3 Nc6 13. Nxc6 dxc6 14. Nc3
Nf6 15. Rad1 Qb7 16. Rd3 Nd7 17. Bd6 Bxd6 18. Rxd6 Nc5 19. Qc2 Rad8 20. Rfd1
Rxd6 21. Rxd6 Qc7 22. Qd2 a5 23. Qd4 Re8 24. a3 e5 25. Qd1 Qc8 26. b4 axb4 27.
axb4 Ne6 28. Qa4 Nd4 29. e3 b5 30. Qa7 Ne6 31. c5 Ng5 32. Rd7 Re7 33. Nd5 Rxd7
34. Nc3 0-1

[Event "European Rapid 2014"]
[Site "Wroclaw POL"]
[Date "2014.12.21"]
[Round "8.12"]
[White "Anton Guijarro, David"]
[Black "Alekseenko, Kirill"]
[Result "0-1"]
[WhiteTitle "GM"]
[BlackTitle "FM"]
[WhiteElo "2608"]
[BlackElo "2499"]
[WhiteFideId "2285525"]
[BlackFideId "4135539"]
[EventDate "2014.12.20"]

1. Nf3 d5 2. b3 c5 3. e3 Nf6 4. Bb2 e6 5. d4 cxd4 6. exd4 Bd6 7. Bd3 O-O 8. O-O
b6 9. Qe2 Bb7 10. Nbd2 Nbd7 11. Ne5 Qc7 12. Rac1 Rac8 13. f4 g6 14. Qf3 Bb4 15.
c3 Be7 16. Rce1 Ne8 17. Qh3 Nd6 18. Re3 f5 19. Nxg6 hxg6 20. Rxe6 Nf6 21. Nf3
Rf7 22. Ne5 Rg7 23. Qh6 Nf7 24. Qh3 Nd6 25. c4 Rf8 26. Re1 Nde4 27. Bxe4 fxe4
28. Rc1 Qd8 29. c5 Bc8 30. c6 Bxe6 31. Qxe6+ Kh8 32. Rc3 Qd6 33. Qh3+ Rh7 34.
Nxg6+ Kg8 35. Qf5 Rh5 36. Nxe7+ Qxe7 37. Rg3+ Kh8 38. Rh3 Rxh3 39. Qxh3+ Qh7 40.
Qe6 e3 41. h3 Qb1+ 42. Kh2 Qxb2 43. Qe7 Kg8 44. Qe6+ Kg7 45. Qxe3 Qc2 46. Qe6
Qe4 47. Qd6 Ne8 48. Qd7+ Rf7 49. Qg4+ Qg6 50. Qd7 Nf6 51. Qd8 Qf5 52. Qb8 Ne4
53. g3 Ng5 54. Qe5+ Qxe5 55. dxe5 Nf3+ 56. Kg2 Nd4 57. h4 Nxc6 58. h5 Kh6 0-1

[Event "European Rapid 2014"]
[Site "Wroclaw POL"]
[Date "2014.12.21"]
[Round "8.13"]
[White "Dobrowolski, Piotr"]
[Black "Kovalev, Vladislav"]
[Result "0-1"]
[WhiteTitle "IM"]
[BlackTitle "GM"]
[WhiteElo "2434"]
[BlackElo "2539"]
[WhiteFideId "1106236"]
[BlackFideId "13504398"]
[EventDate "2014.12.20"]

1. d4 Nf6 2. c4 e5 3. dxe5 Ng4 4. e3 Nxe5 5. Nh3 d6 6. Nf4 g6 7. Be2 Bg7 8. Nc3
O-O 9. O-O Nbd7 10. Qd2 a5 11. b3 Nc5 12. f3 c6 13. Rd1 Qb6 14. Rb1 Bf5 15. Rb2
Qb4 16. Nb1 Qxd2 17. Rdxd2 Ned7 18. e4 Bxb2 19. Bxb2 Be6 20. Rxd6 Rfd8 21. Ba3
Rac8 22. Nc3 b6 23. Nxe6 Nxe6 24. Na4 Ndc5 25. Rxd8+ Rxd8 26. Nxc5 Nxc5 27. Bc1
a4 28. bxa4 Nxa4 29. Bg5 Rd7 30. Bf6 Rd6 31. Be5 Rd2 32. Kf2 Rxa2 33. Bf6 b5 34.
cxb5 cxb5 35. Ke3 b4 36. g4 b3 37. Bc4 Ra3 38. Kd2 b2 39. Kc2 Rxf3 40. g5 Rf2+
41. Kb1 Rxh2 42. Ka2 Rh1 43. Bd3 Ra1+ 44. Kb3 b1=Q+ 45. Bxb1 Rxb1+ 0-1

[Event "European Rapid 2014"]
[Site "Wroclaw POL"]
[Date "2014.12.21"]
[Round "8.14"]
[White "Bosiocic, Marin"]
[Black "Raetsky, Alexander"]
[Result "1-0"]
[WhiteTitle "GM"]
[BlackTitle "GM"]
[WhiteElo "2555"]
[BlackElo "2423"]
[WhiteFideId "14507927"]
[BlackFideId "4103203"]
[EventDate "2014.12.20"]

1. e4 c5 2. Nf3 Nc6 3. Bb5 e6 4. Bxc6 bxc6 5. d3 Ne7 6. Qe2 Ng6 7. h4 h5 8. e5
f6 9. Qe4 Kf7 10. Rh3 Ne7 11. Nbd2 d5 12. Qe2 Ng6 13. g3 Qc7 14. b3 Nxe5 15.
Nxe5+ Qxe5 16. Qxe5 fxe5 17. Nf3 Bd6 18. Bb2 e4 19. dxe4 e5 20. Rh2 d4 21. O-O-O
Ke7 22. Ng5 c4 23. bxc4 Ba6 24. f4 exf4 25. e5 Bc7 26. gxf4 c5 27. Ba3 Bb6 28.
Rxd4 Rad8 29. Rd5 Bxc4 30. Bxc5+ Bxc5 31. Rxc5 Rc8 32. Ra5 Rc7 33. Ra3 Rhc8 34.
f5 Kf8 35. Rf2 Rc5 36. e6 a6 37. f6 gxf6 38. Rxf6+ Ke7 39. Rf7+ Kd6 40. Re3 Bxa2
41. Rd7+ Kc6 42. Rd2 Rb8 43. Rdd3 Rb1+ 44. Kd2 Rb2 45. e7 Rbxc2+ 46. Ke1 Rc1+
47. Rd1 1-0

[Event "European Rapid 2014"]
[Site "Wroclaw POL"]
[Date "2014.12.21"]
[Round "8.15"]
[White "Heberla, Bartlomiej"]
[Black "Vitiugov, Nikita"]
[Result "1/2-1/2"]
[WhiteTitle "GM"]
[BlackTitle "GM"]
[WhiteElo "2561"]
[BlackElo "2738"]
[WhiteFideId "1115120"]
[BlackFideId "4152956"]
[EventDate "2014.12.20"]

1. c4 e5 2. g3 Nf6 3. Bg2 Bc5 4. Nc3 d6 5. Nf3 Nc6 6. d3 h6 7. O-O a6 8. a3 O-O
9. b4 Ba7 10. Bb2 Nd4 11. Nd2 Ne6 12. e3 Ng5 13. Nde4 Nfxe4 14. dxe4 c6 15. Kh1
Be6 16. Qe2 b5 17. cxb5 axb5 18. Rfd1 Qe7 19. Rd2 Bb3 20. Rc1 Rad8 21. Ra1 Qe6
22. a4 bxa4 23. Nxa4 Ra8 24. Nc3 Bb6 25. Rxa8 Rxa8 26. b5 cxb5 27. Qxb5 Bc5 28.
h4 Nh7 29. Nd5 Bxd5 30. Rxd5 Nf6 31. Rd2 h5 32. Qe2 Rb8 33. Rc2 Ng4 34. Kg1 Nf6
35. Bf3 g6 36. Kg2 Ra8 37. Bc3 Kg7 38. Qd2 Ra4 39. Qd3 Ra3 40. Qd2 Ra4 41. Qd3
Ng4 42. Bb2 Rb4 43. Ba3 Rb3 44. Rc3 Rxc3 45. Qxc3 Bxa3 46. Qxa3 Nf6 47. Qd3 Nd7
48. Qc2 Nc5 49. Be2 Qd7 1/2-1/2

[Event "European Rapid 2014"]
[Site "Wroclaw POL"]
[Date "2014.12.21"]
[Round "8.16"]
[White "Stocek, Jiri"]
[Black "Riazantsev, Alexander"]
[Result "1/2-1/2"]
[WhiteTitle "GM"]
[BlackTitle "GM"]
[WhiteElo "2554"]
[BlackElo "2684"]
[WhiteFideId "304760"]
[BlackFideId "4125029"]
[EventDate "2014.12.20"]

1. Nf3 d5 2. e3 Nf6 3. b4 e5 4. Nxe5 Bxb4 5. Bb2 O-O 6. c4 Be6 7. Qc2 c5 8. cxd5
Qxd5 9. f3 Nbd7 10. Bc4 Qd6 11. Nxd7 Nxd7 12. Bxe6 Qxe6 13. O-O Rfd8 14. Qb3 Nf8
15. Qxe6 Nxe6 16. Rd1 Rd7 17. Kf2 Rad8 18. Ke2 Re8 19. Kf1 c4 20. Na3 Bxa3 21.
Bxa3 b5 22. Bb4 Nc7 23. a4 Nd5 24. Ba5 a6 25. axb5 axb5 26. Rdb1 Rb7 27. g3 f6
28. e4 Ne7 29. Bb4 Nc6 30. Bc5 Ne5 31. Ke2 Nd3 32. Bb4 f5 33. Ke3 fxe4 34. fxe4
Rb6 35. Ba5 Rbe6 36. Rxb5 Rxe4+ 37. Kf3 Ne1+ 38. Kf2 Re2+ 39. Kf1 Rxh2 40. Bc3
Nf3 41. Rb7 Nxd2+ 42. Kg1 Nf3+ 43. Kf1 Nd2+ 44. Kg1 Nf3+ 45. Kf1 Rh1+ 46. Kf2
Rxa1 47. Rxg7+ Kf8 48. Bxa1 Ne1 49. Rxh7 Nd3+ 50. Kf3 Re1 51. Bd4 Rf1+ 52. Ke4
Rc1 53. g4 Re1+ 54. Kd5 Nf4+ 55. Kxc4 Ne6 56. Bc3 Re4+ 57. Kd5 Ng5 58. Rh4 Ra4
59. Rh8+ 1/2-1/2

[Event "European Rapid 2014"]
[Site "Wroclaw POL"]
[Date "2014.12.21"]
[Round "8.17"]
[White "Vallejo Pons, Francisco"]
[Black "Loginov, Valery A"]
[Result "1-0"]
[WhiteTitle "GM"]
[BlackTitle "GM"]
[WhiteElo "2705"]
[BlackElo "2486"]
[WhiteFideId "2205530"]
[BlackFideId "4126297"]
[EventDate "2014.12.20"]

1. e4 c5 2. Ne2 Nc6 3. d4 cxd4 4. Nxd4 Nf6 5. Nc3 d6 6. Bg5 e6 7. Qd2 a6 8.
O-O-O Bd7 9. f3 b5 10. Nxc6 Bxc6 11. Kb1 Be7 12. h4 Qb6 13. Ne2 h6 14. Be3 Qc7
15. Nd4 Bb7 16. g4 Nd7 17. g5 hxg5 18. Bxg5 Ne5 19. Be2 O-O-O 20. Bxe7 Qxe7 21.
f4 Kb8 22. a4 Nc4 23. Qb4 Rc8 24. axb5 a5 25. Qa4 Qc7 26. Rh3 Bxe4 27. Rc3 d5
28. Nc6+ Kb7 29. Bxc4 dxc4 30. Rxc4 Bd5 31. Nxa5+ Qxa5 32. Qxa5 Rxc4 33. b3 Rxf4
34. b6 Ra8 35. Qc5 1-0

[Event "European Rapid 2014"]
[Site "Wroclaw POL"]
[Date "2014.12.21"]
[Round "8.18"]
[White "Socko, Bartosz"]
[Black "Grigoriants, Sergey"]
[Result "1-0"]
[WhiteTitle "GM"]
[BlackTitle "GM"]
[WhiteElo "2617"]
[BlackElo "2570"]
[WhiteFideId "1107038"]
[BlackFideId "4130804"]
[EventDate "2014.12.20"]

1. e4 c5 2. Nf3 e6 3. d4 cxd4 4. Nxd4 Nc6 5. Nc3 a6 6. Nxc6 bxc6 7. Bd3 d5 8.
O-O Nf6 9. e5 Nd7 10. Re1 Rb8 11. Na4 g6 12. b3 Bg7 13. f4 c5 14. c4 d4 15. Be4
Qc7 16. Nb2 O-O 17. Nd3 a5 18. Bd2 Bb7 19. Qf3 Bxe4 20. Qxe4 Ra8 21. g4 Ra6 22.
h4 Qd8 23. g5 Qa8 24. Kf2 Qxe4 25. Rxe4 Rb8 26. Rb1 Bf8 27. Ree1 Rb7 28. Ke2 Nb8
29. Nb2 Nd7 30. Kd3 Be7 31. Rh1 h5 32. gxh6 Nb6 33. h5 Kh7 34. hxg6+ fxg6 35.
Kc2 Bf8 36. a4 Rf7 37. Nd3 Be7 38. Rbg1 Nd7 39. Rg2 Ra8 40. Nf2 Rf5 41. Ne4 Raf8
42. Rg4 R8f7 43. Ng3 Bd8 44. Nxf5 Rxf5 45. Rxg6 1-0

[Event "European Rapid 2014"]
[Site "Wroclaw POL"]
[Date "2014.12.21"]
[Round "8.19"]
[White "Georgiadis, Nico"]
[Black "Salgado Lopez, Ivan"]
[Result "1-0"]
[WhiteTitle "IM"]
[BlackTitle "GM"]
[WhiteElo "2465"]
[BlackElo "2622"]
[WhiteFideId "1300113"]
[BlackFideId "2257327"]
[EventDate "2014.12.20"]

1. Nf3 Nf6 2. b3 c5 3. Bb2 Nc6 4. e3 g6 5. g3 Bg7 6. Bg2 O-O 7. O-O Re8 8. d4
cxd4 9. exd4 d5 10. Ne5 Bf5 11. Nxc6 bxc6 12. Nd2 a5 13. a4 Qb6 14. Re1 Rad8 15.
c4 c5 16. cxd5 Nxd5 17. Nc4 Qa7 18. Ne5 Nb4 19. d5 Qa6 20. g4 Bc2 21. Qf3 Qf6
22. Qc3 e6 23. d6 Rxd6 24. Qxc5 Qd8 25. Qe3 Bd3 26. Qf3 Rf8 27. Ba3 Ba6 28. Rac1
Nd3 29. Nxd3 Rxd3 30. Qc6 Bd4 31. Qxa6 Bxf2+ 32. Kxf2 Qd4+ 33. Kf1 Rd2 34. Re2
Rxe2 35. Qxe2 1-0

[Event "European Rapid 2014"]
[Site "Wroclaw POL"]
[Date "2014.12.21"]
[Round "8.20"]
[White "Korobov, Anton"]
[Black "Berzinsh, Roland"]
[Result "1-0"]
[WhiteTitle "GM"]
[BlackTitle "IM"]
[WhiteElo "2693"]
[BlackElo "2395"]
[WhiteFideId "14105730"]
[BlackFideId "11600357"]
[EventDate "2014.12.20"]

1. c4 e5 2. Nc3 Nc6 3. g3 Bc5 4. Bg2 a6 5. e3 Nge7 6. Nge2 d6 7. a3 Ba7 8. b4
Bf5 9. d3 Qd7 10. h3 h5 11. Bb2 Rb8 12. Qd2 f6 13. d4 O-O 14. Rd1 Rfe8 15. Kf1
Bg6 16. Kg1 Bf7 17. d5 Nd8 18. Kh2 b5 19. cxb5 axb5 20. Rhf1 Bg6 21. e4 h4 22.
gxh4 Bh5 23. Rde1 Kf7 24. f4 Ng6 25. Ng3 Rh8 26. fxe5 dxe5 27. Rf5 Bg4 28. hxg4
Rxh4+ 29. Bh3 Nf4 30. Rxf4 exf4 31. Qxf4 Kg8 32. Nf5 Rh7 33. e5 fxe5 34. Rxe5
Nc6 35. dxc6 Qd3 36. Qg3 Qf1 37. Ne7+ Kh8 38. Rh5 Rxh5 39. gxh5 Qf6 40. h6 Qxh6
41. Ne4 Re8 42. Nf5 1-0

[Event "European Rapid 2014"]
[Site "Wroclaw POL"]
[Date "2014.12.21"]
[Round "8.21"]
[White "Navara, David"]
[Black "Kanep, Meelis"]
[Result "1-0"]
[WhiteTitle "GM"]
[BlackTitle "GM"]
[WhiteElo "2727"]
[BlackElo "2509"]
[WhiteFideId "309095"]
[BlackFideId "4501047"]
[EventDate "2014.12.20"]

1. c4 Nf6 2. Nc3 g6 3. e4 d6 4. d4 Bg7 5. Nf3 O-O 6. h3 e5 7. d5 Nh5 8. g3 a5 9.
Be3 Na6 10. Nd2 Nc5 11. Be2 Nf6 12. g4 Bd7 13. Qc2 c6 14. g5 Ne8 15. Nb3 b6 16.
Bg4 cxd5 17. Nxd5 Bc6 18. Rd1 Bxd5 19. Rxd5 Nc7 20. Rd2 Qe7 21. h4 N5e6 22. Bxb6
a4 23. Nc1 Nd4 24. Bxd4 exd4 25. Ne2 Rfe8 26. O-O Ne6 27. f3 h6 28. Bxe6 fxe6
29. f4 e5 30. Qd3 exf4 31. Nxf4 Qxe4 32. Nxg6 hxg5 33. hxg5 Qxd3 34. Rxd3 Re4
35. Rf5 Rae8 36. Kg2 Re2+ 37. Rf2 R2e3 38. Nf4 Be5 39. Rdd2 Rf8 40. Ne6 Rg3+ 41.
Kf1 Rxf2+ 42. Kxf2 Rh3 43. g6 Rh2+ 44. Ke1 Rh3 45. Kd1 Rh1+ 46. Kc2 Rh3 47. Rf2
Bg7 48. Nxg7 Kxg7 49. Rd2 Rh4 50. Rg2 Rh3 51. a3 Rf3 52. Rg4 Rf2+ 53. Kb1 Rf1+
54. Ka2 Rd1 55. b4 Rd2+ 56. Kb1 Rd3 57. b5 d5 58. cxd5 Rxa3 59. d6 Rb3+ 60. Ka2
Rxb5 61. Rxd4 Rb8 62. d7 Rd8 63. Rd6 Kf8 64. Ka3 Ke7 65. Rd1 Kf6 66. Kxa4 Kxg6
67. Kb5 Kf6 68. Kc6 1-0

[Event "European Rapid 2014"]
[Site "Wroclaw POL"]
[Date "2014.12.21"]
[Round "8.22"]
[White "Azarov, Sergei"]
[Black "Gdanski, Jacek"]
[Result "1/2-1/2"]
[WhiteTitle "GM"]
[BlackTitle "GM"]
[WhiteElo "2635"]
[BlackElo "2500"]
[WhiteFideId "13501470"]
[BlackFideId "1100106"]
[EventDate "2014.12.20"]

1. e4 e6 2. d4 d5 3. Nd2 c5 4. Ngf3 Nc6 5. exd5 exd5 6. Bb5 Bd6 7. dxc5 Bxc5 8.
O-O Ne7 9. Nb3 Bd6 10. Bg5 O-O 11. Re1 Bg4 12. c3 h6 13. Bxe7 Nxe7 14. h3 Bh5
15. Be2 Bc7 16. Nfd4 Bg6 17. Bd3 Qd6 18. g3 Bb6 19. Bxg6 fxg6 20. Re6 Qd7 21.
Qg4 Rf7 22. Rae1 Raf8 23. R1e2 g5 24. R6e5 Nc6 25. Qxd7 Rxd7 26. Re8 Nxd4 27.
Nxd4 Bxd4 28. cxd4 Rc7 29. b3 Rxe8 30. Rxe8+ Kh7 31. Rd8 Rc2 32. Rxd5 1/2-1/2

[Event "European Rapid 2014"]
[Site "Wroclaw POL"]
[Date "2014.12.21"]
[Round "8.23"]
[White "Swiercz, Dariusz"]
[Black "Ladva, Ottomar"]
[Result "1-0"]
[WhiteTitle "GM"]
[BlackTitle "FM"]
[WhiteElo "2616"]
[BlackElo "2404"]
[WhiteFideId "1126881"]
[BlackFideId "4500024"]
[EventDate "2014.12.20"]

1. c4 e6 2. g3 d5 3. Bg2 Nf6 4. Nf3 dxc4 5. Qa4+ Nbd7 6. Qxc4 c5 7. Qb3 Bd6 8.
Nc3 O-O 9. O-O a6 10. d4 Rb8 11. Rd1 b5 12. dxc5 Bxc5 13. Bf4 Rb6 14. Ne5 Bb7
15. Nxd7 Nxd7 16. Bxb7 Rxb7 17. Ne4 Qb6 18. Rac1 Be7 19. Qf3 Nf6 20. Be3 1-0

[Event "European Rapid 2014"]
[Site "Wroclaw POL"]
[Date "2014.12.21"]
[Round "8.24"]
[White "Mkrtchian, Lilit"]
[Black "Miton, Kamil"]
[Result "1-0"]
[WhiteTitle "IM"]
[BlackTitle "GM"]
[WhiteElo "2450"]
[BlackElo "2601"]
[WhiteFideId "13300601"]
[BlackFideId "1111914"]
[EventDate "2014.12.20"]

1. c4 e5 2. Nc3 Bb4 3. g3 Bxc3 4. bxc3 d6 5. Bg2 Nc6 6. Rb1 Nge7 7. d3 O-O 8. e3
f5 9. Ne2 b6 10. O-O Rb8 11. f4 Bb7 12. Ba3 Rf7 13. Rf2 e4 14. dxe4 Na5 15. Qd3
Ba6 16. exf5 Bxc4 17. Qd2 Nxf5 18. e4 Ne7 19. Re1 c5 20. Bc1 Qc7 21. g4 Be6 22.
f5 Nc4 23. Qd3 Ne5 24. Qg3 Bxa2 25. g5 Bc4 26. Nf4 b5 27. h4 b4 28. cxb4 Rxb4
29. h5 Rb3 30. Re3 Rb1 31. Rc3 Qa5 32. Bh3 Qa1 33. Qe3 N7c6 34. Kh2 Nd4 35. g6
Rf6 36. gxh7+ Kxh7 37. Ra3 Rxc1 38. Rxa1 Rxa1 39. Ng6 Re1 40. Qa3 Nd3 41. Rg2
Rxe4 42. Qxa7 Rf7 43. Qa8 1-0

[Event "European Rapid 2014"]
[Site "Wroclaw POL"]
[Date "2014.12.21"]
[Round "8.25"]
[White "Mastrovasilis, Dimitrios"]
[Black "Kuzmicz, Krystian"]
[Result "1/2-1/2"]
[WhiteTitle "GM"]
[BlackTitle "IM"]
[WhiteElo "2608"]
[BlackElo "2469"]
[WhiteFideId "4202694"]
[BlackFideId "1119125"]
[EventDate "2014.12.20"]

1. e4 d6 2. d4 Nf6 3. Nc3 e5 4. dxe5 dxe5 5. Qxd8+ Kxd8 6. Bc4 Bb4 7. Bd2 Ke7 8.
Nge2 Be6 9. Bxe6 Kxe6 10. f3 c6 11. a3 Bd6 12. Nd1 Nbd7 13. Ne3 g6 14. Nc1 Rad8
15. Bb4 Nc5 16. Ke2 Be7 17. Bxc5 Bxc5 18. Nd3 Bxe3 19. Kxe3 b6 20. a4 a5 21.
Rhb1 c5 22. b3 Rd7 23. Rd1 Rhd8 24. Rd2 Ne8 25. Rad1 f6 26. Nb2 Rxd2 27. Rxd2
Nd6 28. Nd1 c4 29. Nc3 cxb3 30. cxb3 Rc8 31. Nd5 Rc6 32. Rd3 b5 33. Rc3 Rxc3+
34. Nxc3 bxa4 35. Nxa4 f5 36. Nc5+ Ke7 37. g3 h6 38. Kd3 Kf6 39. Nd7+ Ke6 40.
Nc5+ Kf6 41. Nd7+ Ke6 42. Nb6 Kf6 43. Nc4 Nb7 44. Ke3 Ke6 45. h4 h5 46. Ke2 fxe4
47. fxe4 Nc5 48. Nxa5 Nxe4 49. Kf3 Nc3 50. Nc6 Kf5 51. Ne7+ Kf6 52. Nc6 Kf5 53.
b4 e4+ 54. Ke3 Nd5+ 55. Kd4 Nxb4 56. Nxb4 Kg4 57. Kxe4 1/2-1/2

[Event "European Rapid 2014"]
[Site "Wroclaw POL"]
[Date "2014.12.21"]
[Round "8.26"]
[White "Krasenkow, Michal"]
[Black "Petrosyan, Tigran S."]
[Result "1/2-1/2"]
[WhiteTitle "GM"]
[BlackTitle "FM"]
[WhiteElo "2614"]
[BlackElo "2429"]
[WhiteFideId "1113100"]
[BlackFideId "13303678"]
[EventDate "2014.12.20"]

1. d4 d5 2. Nf3 Nf6 3. c4 e6 4. g3 dxc4 5. Bg2 Nc6 6. Qa4 Bb4+ 7. Bd2 Nd5 8.
Bxb4 Nxb4 9. O-O Bd7 10. Ne5 a5 11. Nxd7 Qxd7 12. a3 Nd5 13. Qxc4 Nb6 14. Qd3
O-O 15. e3 e5 16. d5 Ne7 17. Nc3 Rfd8 18. Rfd1 Nec8 19. Ne4 Nd6 20. Rac1 Qe7 21.
Qc2 Rac8 22. Bh3 Rb8 23. Bg2 Rbc8 24. Nc5 g6 25. Qc3 a4 26. Qb4 Qe8 27. Rd2 Rb8
28. Rdc2 Qb5 29. Qh4 Re8 30. Bf1 Qa5 31. e4 c6 32. dxc6 bxc6 33. Nd3 Rbc8 34.
Rxc6 Rxc6 35. Rxc6 Nbc8 36. Nb4 Qa8 37. Bd3 Kg7 38. Ra6 Qb7 39. Nd5 Re6 40. Nb4
Nb6 41. Qd8 Ndc8 42. Kg2 Rd6 43. Qe8 Rxd3 44. Nxd3 Qxa6 45. Qxe5+ Kg8 46. Qe8+
Kg7 47. Qe5+ Kg8 48. Qe8+ Kg7 49. Qe5+ 1/2-1/2